000 00797nam a2200301Ia 4500
008 170203s9999 xx 000 0 und d
020 _a9780756655877
050 _a572
050 _bC883b 2009
100 _aCracknell, James, 1972-
245 _aBody science :
245 _bthe head-to-toe guide to the science in you /
245 _cJames Cracknell.
260 _aNew York :
260 _bDK Publishing,
260 _c2009
300 _a93 pages :
300 _bcolor illustrations ;
300 _c31 cm.
650 _aHuman anatomy --
650 _aHuman anatomy.
650 _aHuman body --
650 _aHuman body.
650 _aHuman physiology --
650 _xJuvenile literature.
650 _xJuvenile literature.
650 _xJuvenile literature.
999 _c305733
_d305733